Countries that Capital Cities have Belonged To Since 1500 K-R - Statistics

General Stats
  • This quiz has been taken 41 times
  • The average score is 400 of 500
Answer Stats
Capital City Years Countries Symbol % Correct
Khartoum 1898 - 1956 Anglo-Egyptian Sudan
100%
Maseru 1884 - 1966 Basutoland
100%
Minsk 1918 - 1919 Belarusian Democratic Republic
100%
Lilongwe 1893 - 1907 British Central Africa Protectorate
100%
Kuwait City 1899 - 1913 British Empire
100%
Pretoria 1877 - 1881 British Empire
100%
Port Louis 1810 - 1968 British Mauritius
100%
Mogadishu 1941 - 1949 British Military Administration
100%
Kuala Lumpur 1945 - 1946 British Military Administration of Malaya
100%
Port Moresby 1884 - 1906 British New Guinea
100%
New Delhi 1858 - 1947 British Raj
100%
Lusaka 1890 - 1924 British South Africa Company Territories
100%
Port of Spain 1797 - 1962 British West Indies
100%
Kingstown 1838 - 1958 British Windward Islands
100%
Minsk 1922 - 1991 Byelorussian Soviet Socialist Republic
100%
Managua 1609 - 1821 Captaincy General of Guatemala
100%
Manila 1821 - 1898 Captaincy General of the Philippines
100%
Port of Spain 1777 - 1797 Captaincy General of Venezuela
100%
Nairobi 1920 - 1963 Colony and Protectorate of Kenya
100%
Porto-Novo 1883 - 1958 Colony of Dahomey
100%
Kingston 1655 - 1962 Colony of Jamaica
100%
Monrovia 1822 - 1847 Colony of Liberia
100%
Nouakchott 1903 - 1960 Colony of Mauritania
100%
Niamey 1922 - 1958 Colony of Niger
100%
Port-au-Prince 1625 - 1804 Colony of Saint-Domingue
100%
Kingstown 1763 - 1838 Colony of Saint Vincent
100%
Kingstown 1962 - 1967 Colony of Saint Vincent
100%
Nassau 1718 - 1973 Colony of the Bahamas
100%
Manila 1935 - 1946 Commonwealth of the Philippines
100%
Nicosia 1912 - 1960 Crown Colony of Cyprus
100%
Kinshasa 1964 - 1971 Democratic Republic of the Congo
100%
Kinshasa 1997 - Now Democratic Republic of the Congo
100%
Khartoum 1969 - 1985 Democratic Republic of the Sudan
100%
Manila 1571 - 1821 Captaincy General of the Philippines (Viceroyalty of New Spain)
100%
Muscat 1892 - 1970 Sultanate of Muscat and Oman (British Protectorate)
100%
Nairobi 1895 - 1920 East Africa Protectorate
100%
Kuala Lumpur 1942 - 1945 Empire of Japan
100%
Naypyidaw 1942 - 1943 Empire of Japan
100%
Phnom Penh 1945 - 1945 Empire of Japan
100%
Lilongwe 1953 - 1964 Federation of Rhodesia and Nyasaland
100%
Lusaka 1953 - 1963 Federation of Rhodesia and Nyasaland
100%
Paris 1804 - 1815 First French Empire
100%
Madrid 1873 - 1874 First Spanish Republic
100%
Paris 1946 - Now France
100%
Madrid 1939 - 1975 Francoist Spain
100%
N'Djamena 1900 - 1960 French Chad
100%
Libreville 1839 - 1958 French Empire
100%
Luxembourg 1795 - 1815 French First Republic
100%
Paris 1791 - 1792 French Kingdom
100%
Moroni 1912 - 1946 French Madagascar and Comoros
100%
Rabat 1912 - 1956 French protectorate in Morocco
100%
Phnom Penh 1863 - 1953 French Protectorate of Cambodia
100%
Paris 1792 - 1804 French Republic
100%
Paris 1848 - 1852 French Republic
100%
Paris 1870 - 1940 French Republic
100%
Lomé 1916 - 1960 French Togoland
100%
Ouagadougou 1919 - 1958 French Upper Volta
100%
Ouagadougou 1896 - 1919 French West Africa
100%
Kigali 1891 - 1919 German East Africa
100%
Majuro 1884 - 1919 German New Guinea
100%
Ngerulmud 1899 - 1919 German New Guinea
100%
Palikir 1898 - 1919 German New Guinea
100%
Lima 1528 - 1542 Governorate of New Castile
100%
La Paz 1528 - 1542 Governorate of New Toledo
100%
Quito 1528 - 1542 Governorate of New Toledo
100%
Ljubljana 1809 - 1814 Illyrian Provinces
100%
Muscat 749 - 1507 Imamate of Oman
100%
Manila 1902 - 1935 Insular Government of the Philippine Islands
100%
Port Louis 1715 - 1810 Isle de France
100%
Kingston 1962 - Now Jamaica
100%
Pyongyang 1910 - 1945 Japanese Korea
100%
Majuro 1919 - 1947 Japanese Mandate for the Governance of the South Seas Islands
100%
Ngerulmud 1920 - 1947 Japanese Mandate for the Governance of the South Seas Islands
100%
Palikir 1919 - 1947 Japanese Mandate for the Governance of the South Seas Islands
100%
Paris 1830 - 1848 July Monarchy
100%
Khartoum 1867 - 1885 Khedivate of Egypt
100%
Paris 987 - 1791 Kingdom of France
100%
Paris 1814 - 1830 Kingdom of France
100%
Madrid 1716 - Now Kingdom of Spain
100%
Kuwait City 1991 - Now Kuwait
100%
Kuala Lumpur 1946 - 1948 Malayan Union
100%
Paris 1940 - 1944 Military Administration in France
100%
Ljubljana 1943 - 1945 Nazi Germany
100%
Minsk 1941 - 1944 Nazi Germany
100%
Ottawa 1600s - 1763 New France
100%
Port Vila 1906 - 1980 New Hebrides Condominium
100%
Lusaka 1924 - 1964 Northern Rhodesia Protectorate
100%
Lilongwe 1907 - 1964 Nyasaland
100%
Lima 1824 - Now Peru
100%
La Paz 1836 - 1839 Peru–Bolivian Confederation
100%
Mbabane 1906 - 1968 Protectorate of Swaziland
100%
Kampala 1894 - 1962 Protectorate of Uganda
100%
Ottawa 1763 - 1791 Province of Quebec
100%
Panama City 1528 - 1542 Province of Tierra Firme
100%
Ottawa 1791 - 1841 Province of Upper Canada
100%
Paris 1944 - 1946 Provisional Government of the French Republic
100%
Oslo 1942 - 1945 Quisling Regime
100%
Managua 1543 - 1609 Real Audiencia of Guatemala
100%
Oslo 1940 - 1942 Reichskommissariat Norwegen
100%
Kyiv 1941 - 1944 Reichskommissariat Ukraine
100%
Niamey 1958 - 1960 Republic of Niger
100%
Khartoum 1956 - 1969 Republic of the Sudan
100%
Khartoum 1985 - 2019 Republic of the Sudan
100%
Moscow 1991 - Now Russia
100%
Kyiv 1721 - 1917 Russian Empire
100%
Minsk 1793 - 1917 Russian Empire
100%
Moscow 1721 - 1917 Russian Empire
100%
Moscow 1917 - 1917 Russian Republic
100%
Paris 1852 - 1870 Second French Empire
100%
Manila 1943 - 1945 Second Philippine Republic
100%
Madrid 1931 - 1939 Second Spanish Republic
100%
Niamey 1902 - 1904 Senegambia and Niger
100%
Kuwait City 1752 - 1871 Sheikhdom of Kuwait
100%
Kuwait City 1919 - 1961 Sheikhdom of Kuwait (Protectorate)
100%
Moscow 1922 - 1991 Soviet Union
100%
Ngerulmud 1574 - 1898 Spanish East Indies
100%
Palikir 1885 - 1898 Spanish East Indies
100%
Montevideo 1724 - 1814 Spanish Empire
100%
Malabo 1778 - 1968 Spanish Guinea
100%
Luxembourg 1581 - 1714 Spanish Netherlands
100%
Kingston 1509 - 1655 Spanish Santiago
100%
Naypyidaw 1943 - 1945 State of Burma
100%
Kuwait City 1961 - 1990 State of Kuwait
100%
Moroni 1886 - 1912 State of Ngazidja / French Comoros
100%
Kuala Lumpur 1826 - 1946 Straits Settlements
100%
Khartoum 2019 - Now Sudan
100%
Moroni 1946 - 1975 Territory of Comoros
100%
Port Moresby 1906 - 1949 Territory of Papua
100%
Pristina 1941 - 1944 Territory of the Military Commander in Serbia
100%
Lomé 1884 - 1916 Togoland
100%
Nuku'alofa 1900 - 1970 Tonga (British Protectorate)
100%
Pretoria 1902 - 1910 Transvaal Colony
100%
Manama 1820 - 1971 Trucial States
100%
Majuro 1947 - 1979 Trust Territory of the Pacific Islands
100%
Ngerulmud 1947 - 1994 Trust Territory of the Pacific Islands
100%
Palikir 1947 - 1979 Trust Territory of the Pacific Islands
100%
Kyiv 1667 - 1721 Tsardom of Russia
100%
Moscow 1547 - 1721 Tsardom of Russia
100%
Kyiv 1919 - 1991 Ukrainian Soviet Socialist Republic
100%
Pretoria 1910 - 1931 Union of South Africa
100%
London 1927 - Now United Kingdom
100%
London 1800 - 1927 United Kingdom of Great Britain and Ireland
100%
Ottawa 1841 - 1867 United Province of Canada
100%
Manila 1898 - 1902 United States Military Government of the Philippine Islands
100%
La Paz 1825 - 1825 Upper Peru
100%
Niamey 1904 - 1921 Upper Senegal and Niger
100%
Panama City 1739 - 1819 Viceroyalty of New Granada
100%
Port of Spain 1717 - 1777 Viceroyalty of New Granada
100%
Quito 1717 - 1822 Viceroyalty of New Granada
100%
Mexico City 1521 - 1821 Viceroyalty of New Spain
100%
La Paz 1542 - 1825 Viceroyalty of Peru
100%
Lima 1542 - 1824 Viceroyalty of Peru
100%
Panama City 1542 - 1739 Viceroyalty of Peru
100%
Quito 1542 - 1717 Viceroyalty of Peru
100%
La Paz 1776 - 1810 Viceroyalty of the Río de la Plata
100%
Kingstown 1958 - 1962 West Indies Federation
100%
Ljubljana 1804 - 1867 Austrian Empire
97%
Luxembourg 1714 - 1795 Austrian Netherlands
97%
La Paz 2010 - Now Bolivia
97%
Maputo 1752 - 1836 Captaincy-General of Mozambique, Sofala and Rivers of Sena
97%
Maputo 1569 - 1752 Captaincy of Mozambique and Sofala
97%
Maputo 1505 - 1569 Captaincy of Sofala
97%
Mexico City 1835 - 1846 Centralist Republic of Mexico
97%
Ljubljana 1867 - 1918 Cisleithania
97%
Maputo 1926 - 1951 Colony of Mozambique
97%
Paramaribo 1630 - 1954 Colony of Surinam
97%
Kinshasa 1960 - 1964 Congo-Léopoldville
97%
Podgorica 1943 - 1945 Democratic Federal Yugoslavia
97%
Pristina 1945 - 1945 Democratic Federal Yugoslavia
97%
Lisbon 1926 - 1933 Ditadura Nacional
97%
New Delhi 1771 - 1782 Mughal Empire / Maratha Empire / British Empire (Mughal Empire leader but with significant control over him by the British and Maratha)
97%
Lisbon 1933 - 1974 Estado Novo
97%
Mexico City 1821 - 1823 First Mexican Empire
97%
Mexico City 1824 - 1835 First Mexican Republic
97%
Lisbon 1910 - 1926 First Portuguese Republic
97%
Kathmandu 1769 - 2008 Kingdom of Nepal
97%
Lisbon 1471 - 1910 Kingdom of Portugal and the Algarves
97%
Ljubljana 1918 - 1929 Kingdom of Serbs, Croats and Slovenes
97%
Podgorica 1918 - 1929 Kingdom of Serbs, Croats and Slovenes
97%
Pristina 1918 - 1929 Kingdom of Serbs, Croats and Slovenes
97%
Ljubljana 1929 - 1941 Kingdom of Yugoslavia
97%
Podgorica 1929 - 1943 Kingdom of Yugoslavia
97%
Pristina 1929 - 1941 Kingdom of Yugoslavia
97%
Luxembourg 1839 - Now Luxembourg
97%
Kuala Lumpur 1963 - Now Malaysia
97%
Managua 1822 - 1823 Mexican Empire
97%
Mexico City 1867 - Now Mexico
97%
Lisbon 1974 - 1975 National Salvation Junta
97%
Prague 1939 - 1945 Nazi Germany
97%
Kathmandu 2008 - Now Nepal
97%
Khartoum 1821 - 1867 Ottoman Empire
97%
Kuwait City 1613 - 1919 Ottoman Empire
97%
Muscat 1552 - 1588 Ottoman Empire
97%
Nicosia 1571 - 1912 Ottoman Empire
97%
Podgorica 1459 - 1878 Ottoman Empire
97%
Pristina 1400~ - 1913 Ottoman Empire
97%
Lisbon 1975 - Now Portugal
97%
Luanda 1671 - 1975 Portuguese Angola
97%
Malabo 1474 - 1778 Portuguese Empire
97%
Manama 1521 - 1602 Portuguese Empire
97%
Muscat 1507 - 1650 Portuguese Empire
97%
Maputo 1836 - 1891 Province of Mozambique
97%
Maputo 1893 - 1926 Province of Mozambique
97%
Maputo 1951 - 1975 Province of Mozambique
97%
Mexico City 1823 - 1824 Provisional Government of Mexico
97%
La Paz 1825 - 1825 Republic of Bolívar
97%
La Paz 1825 - 1836 Republic of Bolivia
97%
La Paz 1839 - 1879 Republic of Bolivia
97%
La Paz 1880 - 1899 Republic of Bolivia
97%
La Paz 1899 - 1920 Republic of Bolivia
97%
La Paz 1920 - 1936 Republic of Bolivia
97%
La Paz 1936 - 1952 Republic of Bolivia
97%
La Paz 1952 - 1964 Republic of Bolivia
97%
La Paz 1964 - 1982 Republic of Bolivia
97%
La Paz 1982 - 2010 Republic of Bolivia
97%
Mexico City 1846 - 1863 Second Federal Republic of Mexico
97%
Mexico City 1863 - 1867 Second Mexican Empire
97%
Podgorica 1945 - 1992 Socialist Federal Republic of Yugoslavia
97%
Pristina 1945 - 1992 Socialist Federal Republic of Yugoslavia
97%
Ljubljana 1945 - 1991 Socialist Republic of Slovenia
97%
Maputo 1891 - 1893 State of Eastern Africa
97%
Lisbon 1815 - 1825 United Kingdom of Portugal, Brazil and the Algarves
97%
Montevideo 1817 - 1822 United Kingdom of Portugal, Brazil and the Algarves
97%
Luanda 1992 - Now Angola
94%
Prague 1804 - 1867 Austrian Empire
94%
Minsk 1991 - Now Belarus
94%
Montevideo 1807 - 1807 British Empire
94%
New Delhi 1782 - 1858 British Empire
94%
Naypyidaw 1885 - 1937 British Raj
94%
Prague 1867 - 1918 Cisleithania
94%
London 1649 - 1660 Commonwealth of England
94%
Naypyidaw 1937 - 1947 Crown Colony of Burma
94%
Oslo 1524 - 1814 Denmark–Norway
94%
Reykjavík 1536 - 1814 Denmark–Norway
94%
Nassau 1648 - 1706 Colony of the Bahamas
94%
Montevideo 1822 - 1828 Empire of Brazil
94%
New Delhi 1950 - Now India
94%
Mogadishu 1936 - 1941 Italian East Africa
94%
Mogadishu 1889 - 1936 Italian Somaliland
94%
London 927 - 1707 Kingdom of England
94%
Manila 1762 - 1764 Kingdom of Great Britain
94%
Ljubljana 1941 - 1943 Kingdom of Italy
94%
Oslo 1814 - 1814 Kingdom of Norway
94%
Oslo 1905 - 1940 Kingdom of Norway
94%
Kigali 1400s - 1891 Kingdom of Rwanda
94%
Kigali 1962 - 1962 Kingdom of Rwanda
94%
Podgorica 1918 - 1918 Kingdom of Serbia
94%
Pristina 1913 - 1918 Kingdom of Serbia
94%
Malé 1969 - Now Maldives
94%
Naypyidaw 2011 - 2021 Myanmar
94%
Naypyidaw 2021 - Now Myanmar / Tatmadaw
94%
Oslo 1945 - Now Norway
94%
Praia 1951 - 1975 Overseas Province of Cabo Verde
94%
Luanda 1975 - 1992 People's Republic of Angola
94%
Praia 1462 - 1587 Portuguese Cabo Verde
94%
Praia 1587 - 1951 Portuguese Cabo Verde
94%
Praia 1975 - 2013 Republic of Cabo Verde
94%
Malé 1953 - 1969 Republic of Maldives
94%
Kigali 1962 - Now Rwanda
94%
Podgorica 2003 - 2006 Serbia and Montenegro
94%
Ljubljana 1991 - Now Slovenia
94%
Mogadishu 1969 - 1991 Somali Democratic Republic
94%
Mogadishu 1960 - 1969 Somali Republic
94%
London 1653 - 1659 The Protectorate
94%
Mogadishu 1950 - 1960 Trust Territory of Somaliland
94%
Kampala 1962 - 1963 Uganda
94%
Kampala 1963 - Now Uganda
94%
New Delhi 1947 - 1950 Union of India
94%
Naypyidaw 1988 - 2011 Union of Myanmar
94%
Oslo 1814 - 1905 United Kingdoms of Sweden and Norway
94%
Pristina 1999 - 2008 United Nations Interim Administration Mission in Kosovo / Autonomous Province of Kosovo and Metohija
94%
Nassau 1973 - Now Bahamas
90%
Phnom Penh 1993 - Now Cambodia
90%
N'Djamena 1960 - Now Chad
90%
Paramaribo 1954 - 1975 Country of Suriname
90%
Nicosia 1960 - Now Cyprus
90%
Prague 1993 - Now Czechia
90%
Port Louis 1638 - 1710 Dutch Mauritius
90%
Port-au-Prince 1957 - 1986 Duvalier Dynasty
90%
Port-au-Prince 1804 - 1806 First Empire of Haiti
90%
Manila 1899 - 1899 First Philippine Republic
90%
Port-au-Prince 1986 - Now Haiti
90%
Reykjavík 1944 - Now Iceland
90%
Nairobi 1963 - 1964 Kenya
90%
Nairobi 1964 - Now Kenya
90%
Phnom Penh 1431 - 1845 Kingdom of Cambodia
90%
Phnom Penh 1953 - 1970 Kingdom of Cambodia
90%
Reykjavík 1918 - 1944 Kingdom of Iceland
90%
Pyongyang 1897 - 1910 Korean Empire
90%
Pristina 2008 - Now Kosovo
90%
Nouakchott 1960 - Now Mauritania
90%
Rabat 1956 - Now Morocco
90%
Muscat 1970 - Now Oman
90%
Manama 1717 - 1783 Omani Empire
90%
Muscat 1650 - 1856 Omani Empire
90%
Panama City 1903 - Now Panama
90%
Phnom Penh 1979 - 1989 People's Republic of Kampuchea
90%
Pyongyang 1945 - 1946 People's Republic of Korea
90%
Panama City 1886 - 1903 Republic of Colombia
90%
Quito 1835 - 1859 Republic of Ecuador
90%
Quito 1859 - 1895 Republic of Ecuador
90%
Quito 1925 - 1944 Republic of Ecuador
90%
Port-au-Prince 1806 - 1849 Republic of Haiti
90%
Port-au-Prince 1859 - 1957 Republic of Haiti
90%
Pristina 1992 - 1999 Republic of Kosova
90%
Port-au-Prince 1849 - 1859 Second Empire of Haiti
90%
Phnom Penh 1989 - 1992 State of Cambodia
90%
Quito 1830 - 1835 State of Ecuador
90%
Muscat 1856 - 1892 Sultanate of Muscat and Oman
90%
New Delhi 1540 - 1556 Sur Empire
90%
Port of Spain 1962 - 1976 Trinidad and Tobago
90%
Port of Spain 1976 - Now Trinidad and Tobago
90%
Kyiv 1991 - Now Ukraine
90%
Kyiv 1917 - 1920 Ukrainian People's Republic
90%
Kyiv 1918 - 1918 Ukrainian State
90%
Luxembourg 1815 - 1839 United Kingdom of the Netherlands
90%
Phnom Penh 1992 - 1993 United Nations Transitional Authority in Cambodia
90%
Panama City 1863 - 1886 United States of Colombia
90%
Montevideo 1918 - Now Uruguay
90%
Manama 2002 - Now Bahrain
87%
Kyiv 1648 - 1667 Cossack Hetmanate
87%
Prague 1990 - 1992 Czech and Slovak Federative Republic
87%
Reykjavík 1814 - 1864 Danish Unitary State
87%
Kuwait City 1990 - 1991 Kuwait Governorate (Ba'athist Iraq)
87%
Montevideo 1828 - 1918 Eastern State of Uruguay
87%
Quito 1944 - Now Ecuador
87%
Kyiv 1471 - 1648 Kiev Voivodeship
87%
Reykjavík 1864 - 1918 Kingdom of Denmark
87%
Podgorica 1910 - 1918 Kingdom of Montenegro
87%
Monrovia 1847 - Now Liberia
87%
Lilongwe 1964 - 1966 Malawi
87%
Lilongwe 1966 - Now Malawi
87%
Monaco 1297 - Now Monaco
87%
Niamey 1960 - Now Niger
87%
Pyongyang 1948 - Now North Korea
87%
Port Moresby 1975 - Now Papua New Guinea
87%
Pyongyang 1947 - 1948 People's Committee of North Korea
87%
Minsk 1569 - 1793 Polish–Lithuanian Commonwealth
87%
Podgorica 1878 - 1910 Principality of Montenegro
87%
Pyongyang 1946 - 1947 Provisional People's Committee of North Korea
87%
Kuwait City 1990 - 1990 Republic of Kuwait
87%
Podgorica 1992 - 2003 Republic of Montenegro
87%
Minsk 1919 - 1920 Second Polish Republic
87%
Manama 1783 - 1820 Sheikhdom of Bahrain and its Dependencies
87%
Manama 1971 - 2002 State of Bahrain
87%
Rabat 1668 - 1912 Alawi Sultanate
84%
Ottawa 1867 - Now Canada
84%
Mbabane 2018 - Now Eswatini
84%
Mogadishu 1991 - 1997 Interim Government of Somalia
84%
London 1707 - 1800 Kingdom of Great Britain
84%
Kigali 1919 - 1922 Mandate of Ruanda-Urundi
84%
Port Louis 1968 - 1992 Mauritius
84%
Port Louis 1992 - Now Mauritius
84%
Podgorica 2006 - Now Montenegro
84%
Maputo 1990 - Now Mozambique
84%
Maputo 1975 - 1990 People's Republic of Mozambique
84%
Naypyidaw 1962 - 1988 Socialist Republic of the Union of Burma
84%
Mogadishu 2012 - Now Somalia
84%
Pretoria 1961 - Now South Africa
84%
Paramaribo 1975 - Now Suriname
84%
Mbabane 1968 - 2018 Swaziland
84%
Lomé 1960 - Now Togo
84%
Mogadishu 2004 - 2012 Transitional Federal Government of Somalia
84%
Mogadishu 2000 - 2004 Transitional National Government of Somalia
84%
Kigali 1922 - 1962 Trust Territory of Ruanda-Urundi
84%
Naypyidaw 1948 - 1962 Union of Burma
84%
Pretoria 1931 - 1961 Union of South Africa
84%
Lusaka 1963 - Now Zambia
84%
Kinshasa 1908 - 1960 Belgian Congo
81%
Ouagadougou 1984 - Now Burkina Faso
81%
Prague 1918 - 1938 Czechoslovak Republic
81%
Prague 1938 - 1939 Czechoslovak Republic
81%
Prague 1945 - 1948 Czechoslovak Republic
81%
Prague 1948 - 1960 Czechoslovak Republic
81%
Prague 1960 - 1990 Czechoslovak Socialist Republic
81%
Kingstown 1967 - 1979 Colony of Saint Vincent (Associated State)
81%
Managua 1838 - Now Nicaragua
81%
Ngerulmud 1994 - Now Palau
81%
Ngerulmud ? - 1574 Palauans
81%
Manila 1946 - Now Philippines
81%
Kingstown 1979 - Now Saint Vincent and the Grenadines
81%
Nuku'alofa 1845 - Now Tonga
81%
Luxembourg 1790 - 1790 United Belgian States
81%
Moroni 2001 - Now Comoros
77%
Malabo 1968 - Now Equatorial Guinea
77%
Moroni 1978 - 2001 Federal and Islamic Republic of Comoros
77%
Libreville 1960 - Now Gabon
77%
Libreville 1958 - 1960 Gabonese Republic
77%
Majuro 1979 - Now Marshall Islands
77%
Moroni 1975 - 1978 State of Comoros
77%
Kinshasa 1971 - 1997 Zaïre
77%
Porto-Novo 1990 - Now Benin
74%
Madrid 1230 - 1715 Crown of Castile
74%
Palikir 1979 - Now Federated States of Micronesia
74%
Minsk 1263 - 1569 Grand Duchy of Lithuania
74%
La Paz 1438 - 1528 Inca Empire
74%
Lima 1438 - 1533 Inca Empire
74%
Quito 1470s - 1528 Incan Empire
74%
Maseru 1822 - 1884 Kingdom of Lesotho
74%
Maseru 1966 - Now Lesotho
74%
Porto-Novo 1975 - 1990 People's Republic of Benin
74%
Moscow 1917 - 1922 Russian Soviet Federative Socialist Republic
71%
Port Vila 1980 - Now Vanuatu
71%
Praia 2013 - Now Cabo Verde
68%
Managua 1823 - 1838 Federal Republic of Central America
68%
Panama City 1819 - 1831 Gran Colombia
68%
Quito 1822 - 1830 Gran Colombia
68%
Oslo 1397 - 1523 Kalmar Union
68%
Reykjavík 1397 - 1536 Kalmar Union
68%
New Delhi 1526 - 1760 Mughal Empire
68%
Port Vila 1500s? - 1887 Ni-Vanuatu
68%
Moscow 1283 - 1547 Principality of Moscow
68%
Pyongyang 1946 - 1948 Soviet Civil Administration
68%
Mexico City 1325 - 1521 Tenochtitlan
61%
Port Moresby 1949 - 1975 Territory of Papua and New Guinea
61%
Prague 1198 - 1804 Kingdom of Bohemia
58%
Phnom Penh 1975 - 1979 Democratic Kampuchea
55%
Phnom Penh 1845 - 1867 Kingdom of Siam
55%
Nicosia 1489 - 1571 Republic of Venice
55%
Pretoria 1840 - 1902 Voortrekkers / South African Republic
55%
Nassau 1706 - 1718 Republic of Pirates
52%
Ouagadougou 1958 - 1984 Republic of Upper Volta
52%
Mbabane 1740 - 1906 Kingdom of Swaziland
48%
New Delhi 1206 - 1526 Delhi Sultanate
45%
Porto-Novo 1958 - 1975 Republic of Dahomey
42%
Kuala Lumpur 1948 - 1963 Federation of Malaya
39%
Port-au-Prince 400 BC - 1625 Chiefdom of Jaragua / Taíno
35%
Pyongyang 1392 - 1897 Joseon
35%
Nassau 500 - 1520 Lucayans
35%
Ljubljana 1918 - 1918 State of Slovenes, Croats and Serbs
35%
Kingston ~1000 BC - 1509 Taíno
35%
Manama 1602 - 1717 Safavid Empire
32%
Paramaribo 3000 BC - 1630 Arawaks / Caribs
29%
Kinshasa 1877 - 1908 Congo Free State
29%
New Delhi 1761 - 1764 (1799) Durrani Empire
29%
Luxembourg 1482 - 1581 Habsburg Netherlands
29%
New Delhi 1760 - 1782 Maratha Empire
29%
Port of Spain 1300 - 1717 Mayoides / Caribs / Arawaks
29%
Minsk 1919 - 1919 Socialist Soviet Republic of Byelorussia
29%
Ottawa ? - 1600s Algonquins / Odawas
26%
Kuala Lumpur 1528 - 1826 Johor Sultanate
26%
New Delhi 1739 - 1739 Afsharid Empire
23%
Kuala Lumpur 1400 - 1528 Malacca Sultanate
23%
Nuku'alofa 950 - 1865 Tu'i Tonga Empire
23%
Kampala 1300s - 1894 Buganda
19%
Ljubljana 1364 - 1804 Duchy of Carniola
19%
Kingstown 1400s - 1763 Kalinago
19%
Panama City 1852 - 1858 Republic of New Granada
19%
Panama City 1831 - 1832 State of New Granada
19%
N'Djamena 1380 - 1900 Bornu Empire
16%
Kinshasa 1390 - 1877 Kingdom of Kongo
16%
Nairobi ? - 1895 Maasai / Akamba / Gĩkũyũ
16%
Khartoum 1885 - 1898 Mahdist State
16%
Nouakchott 1640 - 1902 Emirate of Trarza
13%
Phnom Penh 1970 - 1975 Khmer Republic
13%
Naypyidaw 1753 - 1885 Konbaung Empire
13%
Niamey 1340 - 1591 Songhai Empire
13%
Malé 1153 - 1968 Sultanate of Maldive Islands
13%
Khartoum 700 - 1500 Alodia
10%
Kuwait City 1670 - 1752 Bani Khalid Emirate
6%
Khartoum 1504 - 1821 Funj Sultanate
6%
Lilongwe 1480 - 1891 Maravi
6%
Palikir 1628 - 1885 Nahnmwarki / Pohnpei
6%
Porto-Novo 1400s - 1883 Orílẹ̀ Ọba Ọ̀yọ́ / Àjàṣẹ́ / Hogbonu
6%
Naypyidaw 1752 - 1753 Restored Hanthawaddy Kingdom
6%
Montevideo 1814 - 1815 United Provinces of the Río de la Plata
6%
Mogadishu 1250 - 1600s Ajuran Sultanate
3%
Montevideo ? - 1724 Charrúa
3%
Niamey 1825 - 1860 Emirate of Say
3%
Naypyidaw 1555 - 1599 First Toungoo Empire
3%
Panama City 1858 - 1863 Granadine Confederation
3%
Naypyidaw 1365 - 1555 Kingdom of Ava
3%
Luanda 1300 - 1671 Kingdom of Ndongo
3%
Panama City ? - 1528 Ngäbe / Dule
3%
Rabat 1627 - 1668 Republic of Salé
3%
Naypyidaw 1600 - 1752 Restored Toungoo Dynasty
3%
Rabat 1510 - 1627 Saadi Sultanate
3%
Pretoria ?/1700s - 1820s AmaHlubi / AmaNdebele
0%
Port Vila 1887 - 1906 Anglo-French Joint Naval Commission
0%
Moroni 1500s - 1886 Bajini / Itsandra / Bambao / Mitsamihuli / Mbajini / Hambuu / Washili / Hamahame / Mbude / Domba
0%
Lusaka 1600s - 1890 Barotseland
0%
Montevideo 1815 - 1817 Federal League
0%
Mogadishu 1600s - 1800s Hiraab Imamate
0%
Port Vila 1889 - 1890 Independent Commune of Franceville
0%
Manama ~1450 - 1521 Jabrids
0%
Maputo 1300~ - 1505 Khoisan / Rongas
0%
Libreville 1700 - 1927 Kingdom of Orungu
0%
Minsk 1919 - 1920 Lithuanian–Belorussian Soviet Socialist Republic
0%
Kathmandu 1201 - 1769 Malla Confederacy
0%
Pretoria 1820s - 1838 Matabele
0%
Manila 1500 - 1571 Maynila
0%
Port Moresby ? - 1884 Motu / Koitabu
0%
Managua ? - 1543 Nicarao / Chorotegas / Chontales
0%
Quito 1895 - 1925 Republic of Ecuador
0%
Palikir 1100 - 1628 Saudeleur Dynasty
0%
Lomé 1500 - 1884 Togo-Bè Kingdom
0%
Rabat 1472 - 1510 Wattasid Dynasty
0%
Ouagadougou 1100/ 1495 - 1896 Wogodogo
0%
Niamey 1500s - 1900s Zarma
0%
Rabat 1641 - 1661 Zawiya Dila'iya
0%
No matching quizzes found
Score Distribution
Percent of People with Each Score
Percentile by Number Answered
Your Score History
You have not taken this quiz